La justicia de los vencedores: de Nuremberg a Bagdad

Enregistré dans:
Détails bibliographiques
Auteur principal: Zolo, Danilo (Auteur)
Format: Livre
Langue:espagnol
Publié: Buenos Aires Edhasa 2007
Édition:1a. ed
Collection:Ensayo
Sujets:
Tags: Ajouter un tag
Pas de tags, Soyez le premier à ajouter un tag!

MARC

LEADER 00000cam a2200000 a 4500
001 UCD4130
003 CL-VaPUC
008 160623e20070000ag |||||||||||||||||spa|d
020 |a 9789509009950 
082 0 4 |a 341.1  |b ZOL  |2 21 
100 0 |a Zolo, Danilo  |e author  |9 587749 
245 1 3 |a La justicia de los vencedores: de Nuremberg a Bagdad 
250 |a 1a. ed 
300 |a 203 p 
942 |c BK 
945 |d 20160623 20:48:00  |a arojas 
260 |a Buenos Aires  |b Edhasa  |c 2007 
650 0 |a Política mundial  |9 255739 
650 0 |a Guerra  |9 255876 
650 0 |a Crimen  |9 395403 
650 0 |a Justicia   |9 255408 
650 0 |a Juicios   |9 327339 
583 |a last modification  |c 20160623 20:48:00  |k Rodrigo Vera 
490 0 |a Ensayo 
999 |c 365072  |d 365070 
952 |0 0  |1 0  |3 erb  |4 0  |6 341_100000000000000_ZOL_2007  |7 0  |8 A  |9 478774  |a FDOHBE  |b FDOHBE  |e Huesbe Llanos, Marco Antonio, 1934-  |i 5333636  |o 341.1 ZOL 2007  |p 5333636  |r 2024-01-30  |w 2019-11-24  |y BK  |z Catalogado en:20160623  |k HBE